| 000 | 00789nam a2200265Ia 4500 | ||
|---|---|---|---|
| 001 | Para_135 | ||
| 003 | CHAP | ||
| 008 | 220125s1974 xx 000 0 und d | ||
| 010 | _a198705 | ||
| 040 | _cCHAP | ||
| 090 | _aPA FOLLETO 3103 | ||
| 110 |
_aMéxico. Dirección General de Sanidad Vegetal _977045 |
||
| 245 |
_aLey de sanidad fitopecuaria de los Estados Unidos Mexicanos / _c por SARH. Direccion General de Sanidad Vegetal |
||
| 260 |
_aMéxico : _b La Dirección |
||
| 300 | _a29 p. | ||
| 650 |
_aSanidad animal _xLeyes _9102222 |
||
| 650 |
_aSanidad Vegetal _xLeyes _9102230 |
||
| 901 | _aPA FOLLETO 3103 | ||
| 902 | _aA | ||
| 905 | _a0000001974 0000000000 00 | ||
| 910 | _a1974 | ||
| 942 | _cPARA | ||
| 942 |
_cPARA _d1 |
||
| 999 |
_c198705 _d198705 |
||